[Event "Reykjavik op"]
[Site "Reykjavik"]
[Date "2024.03.18"]
[Round "6"]
[White "Cansdale, Zach"]
[Black "Johannsson, Markus Orri"]
[Result "1/2-1/2"]
[WhiteElo "1951"]
[BlackElo "1758"]
[PlyCount "75"]
[EventDate "2024.03.15"]
[EventType "swiss"]
[EventRounds "9"]
[EventCountry "ISL"]
[SourceTitle "CB13_2024"]
[SourceDate "2024.03.27"]
[SourceVersion "1"]
[SourceVersionDate "2024.03.27"]
[SourceQuality "1"]

1. e4 c5 2. Nc3 d6 3. f4 Nf6 4. Nf3 Nc6 5. Bc4 e6 6. 0-0 Be7 7. d3 0-0 8. Bb3 Bd7 9. e5 Ne8 10. Qe1 Nc7 11. Qg3 f5 12. exd6 Bxd6 13. Bd2 Na5 14. Rae1 Nxb3 15. axb3 Rf6 16. Ne5 Bxe5 17. Rxe5 Rg6 18. Qe3 Bc6 19. Rf2 b6 20. Be1 Qd7 21. Re2 Bb7 22. Qd2 Qc6 23. R5e3 Rf8 24. Rg3 Rxg3 25. hxg3 Rf6 26. Nd1 Nd5 27. Ne3 Nxe3 28. Qxe3 h5 29. Qf2 Rg6 30. Kh2 Kf7 31. Re3 h4 32. Qf3 hxg3+ 33. Bxg3 Rh6+ 34. Kg1 Qxf3 35. gxf3 Bc6 36. Be1 Rg6+ 37. Kf2 Rh6 38. Kg2 1/2-1/2

[Event "Reykjavik op"]
[Site "Reykjavik"]
[Date "2024.03.17"]
[Round "4"]
[White "Johannsson, Markus Orri"]
[Black "Saine, Zachary"]
[Result "0-1"]
[WhiteElo "1758"]
[BlackElo "2010"]
[PlyCount "98"]
[EventDate "2024.03.15"]
[EventType "swiss"]
[EventRounds "9"]
[EventCountry "ISL"]
[SourceTitle "CB13_2024"]
[SourceDate "2024.03.27"]
[SourceVersion "1"]
[SourceVersionDate "2024.03.27"]
[SourceQuality "1"]

1. e4 e5 2. Nf3 Nc6 3. Bc4 Bc5 4. d3 Nf6 5. c3 d6 6. 0-0 a6 7. a4 Ba7 8. Re1 h6 9. Nbd2 0-0 10. h3 Ne7 11. Nf1 Ng6 12. Ng3 c6 13. Ba2 Be6 14. Be3 Bxe3 15. fxe3 d5 16. exd5 cxd5 17. d4 e4 18. Ne5 Qc7 19. Nxg6 Qxg3 20. Nxf8 Bxh3 21. Qd2 Ng4 22. Bxd5 Rxf8 23. Bxe4 f5 24. Bf3 Qh2+ 25. Kf1 f4 26. e4 Ne3+ 27. Ke2 Bxg2 28. Bxg2 Nxg2 29. Rf1 f3+ 30. Kd3 f2 31. Kc2 Qg3 32. Qe2 Ne3+ 33. Kd2 Nxf1+ 34. Rxf1 g5 35. e5 Rf3 36. Qe4 Kf8 37. d5 g4 38. Qb4+ Ke8 39. Qd6 Qf4+ 40. Kc2 Qxa4+ 41. Kd2 Qb5 42. Qg6+ Kd8 43. Qg8+ Kc7 44. Qh7+ Kb8 45. d6 Qxb2+ 46. Qc2 Qxc2+ 47. Kxc2 g3 48. e6 Re3 49. Rd1 Kc8 0-1

[Event "EU-ch 21st"]
[Site "Reykjavik"]
[Date "2021.08.26"]
[Round "1"]
[White "Juksta, Karolis"]
[Black "Johannsson, Markus Orri"]
[Result "1-0"]
[WhiteElo "2438"]
[BlackElo "1117"]
[PlyCount "51"]
[EventDate "2021.08.26"]
[EventType "swiss"]
[EventRounds "11"]
[EventCountry "ISL"]
[SourceTitle "CBM 204"]
[Source "ChessBase"]
[SourceDate "2021.10.31"]
[SourceVersion "1"]
[SourceVersionDate "2021.10.31"]
[SourceQuality "1"]

1. d4 Nf6 2. Nf3 b6 3. g3 Bb7 4. Bg2 e6 5. 0-0 Be7 6. c4 0-0 7. Nc3 d6 8. Qc2 Nbd7 9. e4 c5 10. d5 exd5 11. cxd5 Ba6 12. Rd1 b5 13. e5 Ng4 14. exd6 Bxd6 15. Ne4 Qc7 16. Nxd6 Qxd6 17. Bf4 Qb6 18. a4 b4 19. a5 Qb5 20. Qf5 Ngf6 21. Ne5 Rac8 22. Nc6 Ra8 23. d6 Bb7 24. Ne7+ Kh8 25. Bf1 Be4 26. Bxb5 1-0

[Event "Reykjavik ISL-ch op"]
[Site "Reykjavik"]
[Date "2020.08.25"]
[Round "4"]
[White "Moller, Tomas"]
[Black "Johannsson, Markus Orri"]
[Result "1-0"]
[WhiteElo "1286"]
[BlackElo "1053"]
[PlyCount "83"]
[EventDate "2020.08.22"]
[EventType "swiss"]
[EventRounds "9"]
[EventCountry "ISL"]
[SourceTitle "CBM 198 Extra"]
[Source "ChessBase"]
[SourceDate "2020.11.30"]
[SourceVersion "1"]
[SourceVersionDate "2020.11.30"]
[SourceQuality "1"]

1. e4 e5 2. Nf3 Nf6 3. d3 Nc6 4. Bg5 Be7 5. Nc3 d6 6. Be2 0-0 7. 0-0 b6 8. h3 Bb7 9. Qd2 Nd7 10. Be3 Bf6 11. d4 exd4 12. Nxd4 Nxd4 13. Bxd4 Bxd4 14. Qxd4 Ne5 15. Rad1 Qe7 16. Rfe1 Rfd8 17. Bb5 Bc6 18. Nd5 Qd7 19. Be2 Bxd5 20. exd5 g6 21. f4 c5 22. Qe4 Re8 23. fxe5 Rxe5 24. Qd3 Rae8 25. Qd2 Qf5 26. Bd3 Rxe1+ 27. Rxe1 Rxe1+ 28. Qxe1 Qxd5 29. b3 Qd4+ 30. Qf2 Qxf2+ 31. Kxf2 Kg7 32. Kf3 Kf6 33. Kf4 h6 34. g4 d5 35. c3 g5+ 36. Kf3 Ke5 37. Ke3 f6 38. Kf3 d4 39. c4 a6 40. a3 b5 41. cxb5 axb5 42. Bxb5 1-0

[Event "Reykjavik ISL-ch op"]
[Site "Reykjavik"]
[Date "2020.08.22"]
[Round "1"]
[White "Jonsson, Olafur Gisli"]
[Black "Johannsson, Markus Orri"]
[Result "1-0"]
[WhiteElo "1794"]
[BlackElo "1053"]
[PlyCount "97"]
[EventDate "2020.08.22"]
[EventType "swiss"]
[EventRounds "9"]
[EventCountry "ISL"]
[SourceTitle "CBM 198 Extra"]
[Source "ChessBase"]
[SourceDate "2020.11.30"]
[SourceVersion "1"]
[SourceVersionDate "2020.11.30"]
[SourceQuality "1"]

1. e4 e5 2. Nf3 Nf6 3. Nxe5 d6 4. Nf3 Nxe4 5. d4 d5 6. Bd3 Nf6 7. 0-0 Bd6 8. Re1+ Be7 9. Qe2 Be6 10. Ng5 Bg4 11. f3 Bd7 12. b3 h6 13. Ba3 Nc6 14. Nh3 a6 15. Nf2 Be6 16. Bxe7 Qxe7 17. c3 0-0 18. Nd2 Rfe8 19. b4 b5 20. Nb3 Bd7 21. Qd2 Qd8 22. Nc5 Be6 23. a4 Qd6 24. axb5 axb5 25. Bxb5 Rxa1 26. Rxa1 Nd7 27. Ra6 Ndb8 28. Ra8 Qe7 29. Nfd3 Bd7 30. Nxd7 Qxd7 31. Ne5 Qe6 32. f4 Nxe5 33. fxe5 c6 34. Ba4 f6 35. exf6 Qxf6 36. h3 Qe6 37. Bc2 Nd7 38. Rxe8+ Qxe8 39. Ba4 Nf6 40. Qd3 Qe1+ 41. Kh2 Ne4 42. Bxc6 Nf2 43. Bxd5+ Kh8 44. Qf3 Qh1+ 45. Kg3 Qe1 46. Qf8+ Kh7 47. Bg8+ Kg6 48. Qf7+ Kg5 49. h4# 1-0